Reyes de Inglaterra y el Reino Unido - Estadísticas

Estadísticas generales
  • Esta prueba ha sido intentada 639 veces
  • La puntuación promedio es 41 de 67
Estadísticas de respuestas
Reinado Rey % Correcto
1558 - 1603 Isabel I
98%
1952 - 2022 Isabel II
98%
1625 - 1649 Carlos I
97%
1660 - 1685 Carlos II
97%
2022 - Carlos III
97%
1100 - 1135 Enrique I
89%
1154 - 1189 Enrique II
89%
1216 - 1272 Enrique III
89%
1399 - 1413 Enrique IV
89%
1413 - 1422 Enrique V
89%
1422 - 1461 Enrique VI
89%
1470 - 1471 Enrique VI
89%
1485 - 1509 Enrique VII
89%
1509 - 1547 Enrique VIII
89%
1272 - 1307 Eduardo I
87%
1307 - 1327 Eduardo II
87%
1327 - 1377 Eduardo III
87%
1461 - 1470 Eduardo IV
87%
1471 - 1483 Eduardo IV
87%
1483 Eduardo V
87%
1547 - 1553 Eduardo VI
87%
1901 - 1910 Eduardo VII
87%
1936 Eduardo VIII
87%
1910 - 1936 Jorge V
86%
1936 - 1952 Jorge VI
86%
1714 - 1727 Jorge I
85%
1727 - 1760 Jorge II
85%
1760 - 1820 Jorge III
85%
1820 - 1830 Jorge IV
85%
1066 - 1087 Guillermo I
82%
1087 - 1100 Guillermo II
82%
1837 - 1901 Victoria I
82%
1689 - 1702 Guillermo III
81%
1830 - 1837 Guillermo IV
81%
1199 - 1216 Juan I
78%
1553 - 1558 María I
78%
1689 - 1694 María II
78%
1189 - 1199 Ricardo I
66%
1377 - 1399 Ricardo II
66%
1483 - 1485 Ricardo III
66%
1603 - 1625 Jacobo I
65%
1685 - 1688 Jacobo II
65%
1702 - 1714 Ana I
62%
1553 Juana I
36%
1135 - 1154 Esteban I
30%
1035 - 1040 Harold I
30%
1066 Harold II
29%
1653 - 1658 Oliver Cromwell
28%
1016 - 1035 Canuto I
26%
927 - 939 Athelstan
25%
1658 - 1660 Richard Cromwell
25%
1016 Edmundo II
23%
939 - 946 Edmundo I
22%
1135 - 1141 Matilde I
22%
959 - 975 Edgar I
19%
978 - 1013 Etelredo I
18%
1066 Edgar II
17%
1014 - 1016 Etelredo I
17%
946 - 955 Edred
15%
1042 - 1066 Eduardo el Confesor
15%
955 - 959 Edwy
15%
1013 - 1014 Svend I
15%
1554 - 1558 Felipe II de España
14%
1040 - 1042 Hardicanuto
13%
1216 - 1217 Luis VIII de Francia
12%
975 - 978 Eduardo el Mártir
11%
1649 - 1653 I República Inglesa
10%
No se encontraron pruebas coincidentes
Distribución de puntuación
Porcentaje de gente con cada puntuación
Porcentaje por número respondido
Historial de tus puntuaciones
No has intentado esta prueba.